[Event "Campionatul National pe Echipe - Divizi"]
[Site "Olanesti - Hotel PARANG"]
[Date "2013.10.15"]
[Round "4.2"]
[White "Varlan, Herwig Ioan"]
[Black "Oltean, Liviu Ioan"]
[Result "1/2-1/2"]
[WhiteElo "2163"]
[BlackElo "2348"]
[PlyCount "85"]
[EventDate "2013.10.12"]
[EventType "team"]
[EventRounds "9"]
[WhiteTeam "Sah Club Ramnicu Valcea"]
[BlackTeam "CSM Cluj Napoca"]

1. d4 Nf6 2. c4 c5 3. d5 e5 4. Nc3 d6 5. e4 Be7 6. Nf3 O-O 7. Be2 Bg4 8. O-O
Nbd7 9. Ne1 Bxe2 10. Qxe2 Ne8 11. Qg4 g6 12. Bh6 Ng7 13. Nd3 Nf6 14. Qh3 Qc8
15. Qxc8 Rfxc8 16. h3 Nd7 17. Rae1 a6 18. a4 Re8 19. f4 exf4 20. Bxf4 f6 21.
Bh6 Ne5 22. Nxe5 fxe5 23. g4 Rf8 24. Kg2 Rxf1 25. Rxf1 Rf8 26. Rxf8+ Kxf8 27.
Na2 a5 28. Nc1 Kf7 29. Nb3 b6 30. Bd2 Ne8 31. Kf3 Nc7 32. g5 Na6 33. Kg4 Bd8
34. Bc3 Nb8 35. h4 Nd7 36. Na1 Kg7 37. Bd2 Kf7 38. Nc2 Ke7 39. Ne1 Kf7 40. Nf3
Kg7 41. h5 Kf7 42. Nh4 Be7 43. b3 1/2-1/2

[Event "Campionatul National pe Echipe - Divizi"]
[Site "Olanesti - Hotel PARANG"]
[Date "2013.10.13"]
[Round "2.2"]
[White "Veneteanu, Ion Cristian"]
[Black "Oltean, Liviu Ioan"]
[Result "0-1"]
[WhiteElo "2183"]
[BlackElo "2348"]
[PlyCount "98"]
[EventDate "2013.10.12"]
[EventType "team"]
[EventRounds "9"]
[WhiteTeam "CS Universitatea Targoviste"]
[BlackTeam "CSM Cluj Napoca"]

1. Nf3 c5 2. c4 Nf6 3. d4 g6 4. Nc3 Bg7 5. d5 O-O 6. e4 d6 7. h3 e5 8. dxe6
Bxe6 9. Bf4 Nc6 10. Bxd6 Re8 11. Be2 Nd4 12. e5 Nd7 13. O-O Nxe5 14. Nxd4 cxd4
15. Nb5 a6 16. Bxe5 Bxe5 17. Na3 d3 18. Qxd3 Qxd3 19. Bxd3 Bxb2 20. Nc2 Bxa1
21. Rxa1 Rad8 22. Bf1 Rd2 23. Ne3 Rc8 24. h4 Rc5 25. a4 Bd7 26. a5 Bc6 27. g3
Re5 28. Ra3 Kg7 29. Bg2 h5 30. Bd5 Rb2 31. Kg2 f5 32. Kf3 Bxd5+ 33. cxd5 Rb5
34. Ra4 Kf6 35. Rd4 Ke7 36. Kf4 Re4+ 37. Rxe4+ fxe4 38. Kxe4 Rxa5 39. Ke5 Rc5
40. Ng2 a5 41. Nf4 a4 42. Nxg6+ Kf7 43. Kd6 Kxg6 44. Kxc5 a3 45. d6 Kf7 46. Kb6
Ke6 47. Kc7 a2 48. d7 a1=Q 49. d8=Q Qa5+ 0-1

[Event "Campionatul National pe Echipe - Divizi"]
[Site "Olanesti - Hotel PARANG"]
[Date "2013.10.12"]
[Round "1.2"]
[White "Oltean, Liviu Ioan"]
[Black "Foisor, Ovidiu Doru"]
[Result "1/2-1/2"]
[WhiteElo "2348"]
[BlackElo "2398"]
[PlyCount "35"]
[EventDate "2013.10.12"]
[EventType "team"]
[EventRounds "9"]
[WhiteTeam "CSM Cluj Napoca"]
[BlackTeam "CS Sinandrei Timis"]

1. e4 e6 2. d4 d5 3. e5 c5 4. c3 Nc6 5. Nf3 Bd7 6. Be2 Nge7 7. O-O cxd4 8. cxd4
Nf5 9. g4 Nh4 10. Nxh4 Qxh4 11. Be3 h5 12. g5 Be7 13. f4 f6 14. Qd2 O-O-O 15.
Nc3 fxg5 16. fxg5 Rdf8 17. Rac1 Kb8 18. Rxf8+ 1/2-1/2